Chu trình diễn hoá của Kiều: lại bàn về kế thừa và sáng tạo /

Guardado en:
Detalles Bibliográficos
Autor principal: Leung, K.C
Formato: Artículo
Lenguaje:Vietnamese
Materias:
Etiquetas: Agregar Etiqueta
Sin Etiquetas, Sea el primero en etiquetar este registro!
Thư viện lưu trữ: Thư viện Trường Đại học Đà Lạt
LEADER 00733nam a2200253 4500
001 DLU040000094
040 # # |a DLU  |b vie 
041 # # |a vie 
044 # # |a vn 
100 # # |a Leung, K.C 
245 # # |a Chu trình diễn hoá của Kiều: lại bàn về kế thừa và sáng tạo /  |c K.C. Leung 
600 # # |a Kim Vân Kiều 
600 # # |a Nguyễn Du.  |t Truyện Kiều 
773 # # |a Tạp chí Văn học  |g Số 9 - 2003, tr. 36 - 40 
920 # # |a Phòng Tạp chí -- Trung tâm Thông tin - Thư viện Trường Đại học Đà Lạt 
933 # # |a NV 
994 # # |a DLU 
900 # # |a True 
911 # # |a Nguyễn Năng Hải 
925 # # |a G 
926 # # |a A 
927 # # |a BB 
980 # # |a Thư viện Trường Đại học Đà Lạt